| 000 | 00930cam a2200301 4500 | ||
|---|---|---|---|
| 001 | L51327 | ||
| 008 | 090401t1990 xxu||||| |||| 00| 0 eng d | ||
| 020 | _a0854064656 | ||
| 035 | _a(Sirsi) u51327 | ||
| 041 | _aeng | ||
| 050 | _a333.332 | ||
| 110 |
_aRoyal Institution of Chartered Surveyors _94900 |
||
| 245 | _aMortgage valuation : guidance for valuers | ||
| 250 | _a2nd ed. | ||
| 260 |
_aLondon _bSurveyors Publications _c1990 |
||
| 300 | _a(8)p. ; 21x10cm. | ||
| 350 | _a0 | ||
| 520 | _aSUPERSEDED: Replaced by revised edition 1 June 1992. Received for stock 1 June 1990. | ||
| 650 | _aCONDITIONS OF ENGAGEMENT | ||
| 650 | _aMODEL CONDITIONS OF ENGAGEMENT | ||
| 650 | _aMORTGAGE VALUATIONS | ||
| 650 |
_aRESIDENTIAL PROPERTY _96266 |
||
| 650 |
_aValuation _96273 |
||
| 690 | _aRATING AND VALUATION | ||
| 710 |
_aIncorporated Society of Valuers and Auctioneers _91201 |
||
| 942 | _n0 | ||
| 948 | _c04/03/1997 | ||
| 999 |
_c92870 _d92870 |
||